Spoločenská zodpovednosť podniku ako súčasť správy podniku

Procesy globalizácie trhovej ekonomiky zvýrazňujú spoločenskú zodpovednosť predovšetkým pre nadnárodne pôsobiace koncerny. Členenie základných teórií správy spoločnosti. Princípy OECD pre správu podniku. Spoločenská zodpovednosť podniku.

Guardado en:
Detalles Bibliográficos
Autor principal: Okruhlica, František
Formato: Capítulo de libro
Lenguaje:eslovaco
Materias:
Etiquetas: Agregar Etiqueta
Sin Etiquetas, Sea el primero en etiquetar este registro!

MARC

LEADER 00000nla$a2200000$$$4500
001 0115071
005 20230113112155.6
041 0 |a slo 
044 |a SK 
245 1 0 |a Spoločenská zodpovednosť podniku ako súčasť správy podniku  |c František Okruhlica 
520 |a Procesy globalizácie trhovej ekonomiky zvýrazňujú spoločenskú zodpovednosť predovšetkým pre nadnárodne pôsobiace koncerny. Členenie základných teórií správy spoločnosti. Princípy OECD pre správu podniku. Spoločenská zodpovednosť podniku. 
610 2 0 |a správa podniku 
610 2 0 |a podnikanie zodpovedné 
610 2 0 |a zodpovednosť spoločenská 
610 2 0 |a podnik 
100 1 |a Okruhlica, František